Estándares /Nomas Internacionales de Información Financiera (IFRES/NIIF) (Registro nro. 8447)
[ vista simple ]
| 000 -CABECERA | |
|---|---|
| campo de control de longitud fija | 00792nam a22002537a 4500 |
| 005 - FECHA Y HORA DE ACTUALIZACIÓN | |
| campo de control | 20220117092747.0 |
| 008 - LONGITUD FIJA | |
| campo de control de longitud fija | 160929b xxu||||| |||| 00| 0 spa d |
| 020 ## - INTERNATIONAL STANDARD BOOK NUMBER | |
| Número Internacional Estándar del Libro | 978587711851 |
| 041 ## - IDIOMA | |
| Código de idioma del texto/pista de sonido o título separado | |
| 082 ## - CLASIFICACIÓN DECIMAL DEWEY | |
| Número de clasificación | 657 M292e |
| 100 ## - AUTOR PERSONAL | |
| Nombre de persona | Mantilla B., Samuel Alberto |
| 245 ## - TÍTULO PROPIAMENTE DICHO | |
| Título | Estándares /Nomas Internacionales de Información Financiera (IFRES/NIIF) |
| 250 ## - EDICIÓN | |
| Mención de edición | 5 edición |
| 260 ## - PIE DE IMPRENTA | |
| Lugar de publicación, distribución, etc. | Colombia |
| Nombre del editor, distribuidor, etc. | Ecoe Ediciones |
| Fecha de publicación, distribución, etc. | 2015 |
| 300 ## - DESCRIPCIÓN FÍSICA | |
| Extensión | 740 páginas |
| 500 ## - NOTA GENERAL | |
| Nota general | Incluye ejercicios y estudios de casos |
| 650 ## - Materia General | |
| Materia general | CONTABILIDAD |
| 650 ## - Materia General | |
| Materia general | NORMAS INTERNACIONALES DE INFORMACIÓN FINANCIERA |
| 650 ## - Materia General | |
| Materia general | ESTADOS FINANCIEROS |
| 650 ## - Materia General | |
| Materia general | PYMES |
| 650 ## - Materia General | |
| Materia general | INVENTARIOS |
| 650 ## - Materia General | |
| Materia general | COSTO POR PRÉSTAMOS |
| 942 ## - Punto de Acceso Adicional Koha | |
| Tipo de ítem Koha | Libro |
| Estado perdido | Estado dañado | No para préstamo | Biblioteca permanente | Biblioteca actual | Signatura completa | Código de barras | Precio efectivo a partir del | Tipo de ítem |
|---|---|---|---|---|---|---|---|---|
| Departamento de Biblioteca y Documentación Alfonso Chase Brenes | Departamento de Biblioteca y Documentación Alfonso Chase Brenes | 657 M292e | 21360 | 29/09/2016 | Libro | |||
| Departamento de Biblioteca y Documentación Alfonso Chase Brenes | Departamento de Biblioteca y Documentación Alfonso Chase Brenes | 657 M292e | 24611 | 16/09/2019 | Libro |